| 000 | 00607nam a2200205Ia 4500 | ||
|---|---|---|---|
| 003 | LDD | ||
| 008 | 181029s9999 xx 000 0 und d | ||
| 020 |
_a9788126910755 _c4500.00 |
||
| 040 | _cLDD | ||
| 100 | _aGupta, Amita | ||
| 245 | 0 |
_aHandbook of universities _bincludes universities, deemed universities, colleges, _cAmita Gupta |
|
| 250 | _a2nd ed | ||
| 260 |
_aNew Delhi _bAtlantic _c2009 |
||
| 300 | _a3v. | ||
| 365 | _b4500.00 | ||
| 901 |
_a4974 _b16-03-2009 |
||
| 902 |
_aUBS 8725 _b17-03-2009 _cF _dUPPAL _e2 |
||
| 903 |
_aDiscount-15 _bReqst by : Uma Kanjilal |
||
| 942 |
_2ddc _cBK |
||
| 999 |
_c85455 _d85455 |
||